Munabbahat-I Ibn Hajar : / منبھات ابن حجر (Record no. 26566)

MARC details
000 -LEADER
fixed length control field 00466nam a22001697a 4500
003 - CONTROL NUMBER IDENTIFIER
control field BDDh-ASL
005 - DATE AND TIME OF LATEST TRANSACTION
control field 20231015030646.0
008 - FIXED-LENGTH DATA ELEMENTS--GENERAL INFORMATION
fixed length control field 211014s1938 i ||||| |||| 00| 0 u d
040 ## - CATALOGING SOURCE
Original cataloging agency BDDh-ASL
Transcribing agency BDDh-ASL
082 ## - DEWEY DECIMAL CLASSIFICATION NUMBER
Classification number 297.3
Item number MUN
245 00 - TITLE STATEMENT
Title Munabbahat-I Ibn Hajar : / منبھات ابن حجر
260 ## - PUBLICATION, DISTRIBUTION, ETC.
Place of publication, distribution, etc. Kanpur :
Name of publisher, distributor, etc. Majidi Press ,
Date of publication, distribution, etc. 1938.
300 ## - PHYSICAL DESCRIPTION
Extent 88 p. :
Dimensions 24 cm.
650 #0 - SUBJECT ADDED ENTRY--TOPICAL TERM
9 (RLIN) 1652
Topical term or geographic name entry element Islam
700 1# - ADDED ENTRY--PERSONAL NAME
9 (RLIN) 5003
Personal name Safi, Muhammad
942 ## - ADDED ENTRY ELEMENTS (KOHA)
Source of classification or shelving scheme Dewey Decimal Classification
Koha item type Books
Holdings
Withdrawn status Lost status Source of classification or shelving scheme Damaged status Not for loan Collection code Home library Current library Shelving location Date acquired Source of acquisition Serial Enumeration / chronology Total Checkouts Full call number Barcode Date last seen Copy number Price effective from Koha item type
    Dewey Decimal Classification     Non-fiction Asiatic Society Library Asiatic Society Library General Stacks 10/14/2021 ASB Library Collection U-0273   297.3 MUN 112604 10/14/2021 C-1 10/14/2021 Books

Powered by Koha